1832 1141 1550 1943 1182 1127 1867 1009 1377 1459 1694 1308 1230 1196 1923 1269 1400 1604 1155 1488 1702 1396 1199 1978 1604 1527 1553 1440 1486 1354 1633 1162 1034 1984 1312 1528 1086 1583 1330 1862 1997 1231 1224 1332 1308 1118 1309 1975 1046 1534 1429 1373 1986 1802 1516 1249 1052 1061 1151 1987 1079 1401 1385 1733 1333 1791 1328 1278 1119 1629 1745 1148 1359 1074 1605 1971 1164 1073 1746 1982 1073 1841 1937 1717 1199 1692 1224 1742 1051 1093 1876 1339 1435 1590 1220 1259 1344 1696 1219 BCNSPRNW ULIB Ver.6.0+V

เปลี่ยนเป็นภาษาไทย

Change to English
 แสดงรายละเอียดบรรณานุกรม
  กลับหน้าหลัก

Brief Record : Get Marc (ISO 2709) : E-mail record : QR code < ปิดหน้าต่าง
LEADER : 00000nam 2200000uu 4500
001    13399128903
003     ULIB
008    241028s||||||||th 000 0 tha d
020 ^- ^a 9781119649236:
060 ^- ^a QV4^bF979
245 10 ^aFundamentals of pharmacology for midwives/^cPeate, Ian, Hamilton, Cathy. [Editor]
250 ^- ^a1st ed.
260 ^- ^aNJ, USA :^bWiley Blackwell,^c2022
300 ^- ^a423
650 ^- ^aMidwives Pharmacology
945    ^p1763^l0^i011150
999    ^aประนอม เกษจรัล
รายการนี้ยังไม่มีแท็ก
คุณยังไม่ได้ล็อกอิน คุณสามารถมีกิจกรรมร่วมกับเว็บไซต์ได้ แต่ต้องล็อกอินก่อน ::
  ล็อกอิน

รายการสื่อสารสนเทศ

ลำดับที่ ประเภท เลขเรียก/บาร์โค้ด สถานที่ สถานะ
1. วิทยาศาสตร์การแพทย์ และสุขภาพ
หนังสือสำรอง
สถานะ=หนังสือสำรอง
QV4 F979 ฉ.1 
  Barcode: 011150
ห้องสมุดวิทยาเขตสวรรค์ประชารักษ์
►หนังสือทั่วไป
บนชั้น

BibComment


ยังไม่เคยถูกคอมเมนท์

คอมเมนท์ทรัพยากรรายการนี้
  คอมเมนท์: Fundamentals of ..


 Copyright 2026. Bcnsprnw @Library